000 00687nam a2200217Ia 4500
001 1337
003 GE_BSU
008 181216s||||||||xx |||||||||||||| ||und||
040 _cGE_BSU
080 _a811.133.1
100 _aЧеснович,Е.П.
245 _aХрестоматия по лексикологии французского языка
245 _bУчебное пособие для студ.пед. ин-тов
260 _aЛенинград
260 _bПросвещение
260 _c1981
300 _a150стр.
541 _h5л.
653 _aХрестоматия по лексикологии французского языка
942 _cBK
999 _c35478
_d35478